Operating systems / (Record no. 5172)

MARC details
000 -LEADER
fixed length control field 00597nac a22001811u 4500
010 ## - LIBRARY OF CONGRESS CONTROL NUMBER
LC control number 2003054828
020 ## - INTERNATIONAL STANDARD BOOK NUMBER
International Standard Book Number 0201773449 (alk. paper)
082 00 - DEWEY DECIMAL CLASSIFICATION NUMBER
Classification number 005.43
Item number NUT
090 ## - LOCALLY ASSIGNED LC-TYPE CALL NUMBER (OCLC); LOCAL CALL NUMBER (OCLC)
-- 5172
-- 5172
100 ## - MAIN ENTRY--PERSONAL NAME
Personal name Nutt, Gary J.
245 10 - TITLE STATEMENT
Title Operating systems /
Statement of responsibility, etc Gary Nutt.
250 ## - EDITION STATEMENT
Edition statement 3rd ed.
260 ## - PUBLICATION, DISTRIBUTION, ETC. (IMPRINT)
Place of publication, distribution, etc Boston :
Name of publisher, distributor, etc Pearson/Addison Wesley,c2004.
Date of publication, distribution, etc c2004.
300 ## - PHYSICAL DESCRIPTION
Extent xxxiii, 894 p. :
Other physical details col. ill. ;
Dimensions 24 cm.
504 ## - BIBLIOGRAPHY, ETC. NOTE
Bibliography, etc Includes bibliographical references (p. 873-877) and index.
650 #0 - SUBJECT ADDED ENTRY--TOPICAL TERM
Topical term or geographic name as entry element Operating systems (Computers)
942 ## - ADDED ENTRY ELEMENTS (KOHA)
Item type
Call number prefix 005.43NUT
Holdings
Withdrawn status Item status Damaged status Not for loan Home library Current library Shelving location Date acquired Source of acquisition Total Checkouts Full call number Barcode Date last seen Koha item type
        Central Library Central Library Lower Floor 21/10/2007 Purchase   005.43NUT 000006427 15/07/2025 Book - Borrowing
        Central Library Central Library Lower Floor 21/10/2007 Purchase   005.43NUT 000006428 15/07/2025 NB - Book (Non borrowing)